| 000 | 01355cam a22003494a 4500 | ||
|---|---|---|---|
| 001 | 16102191 | ||
| 003 | NUST-PNEC | ||
| 005 | 20170116180700.0 | ||
| 008 | 100223s2010 miua b 001 0 eng | ||
| 010 | _a 2010923364 | ||
| 020 | _a9780872638679 | ||
| 040 |
_aDLC _cPNEC _dDLC |
||
| 050 | 0 | 0 |
_aTJ1185 _b.F875 2010 |
| 082 | _a621.9 NEE | ||
| 245 | 0 | 0 |
_aFundamentals of tool design / _cchief technical reviewer and managing editor, John G. Nee ; contributors, William Dufraine, John W. Evans, Mark Hill. |
| 250 | _a6th ed. | ||
| 260 |
_aDearborn, Mich. : _bSociety of Manufacturing Engineers, _cc2010. |
||
| 300 |
_axvii, 446 p. : _bill. ; _c29 cm. + _e1 DVD-ROM (4 3/4 in.) |
||
| 500 | _ahttp://www.amazon.com/Fundamentals-Tool-Design-6th-John/dp/0872638677/ref=sr_1_1?s=books&ie=UTF8&qid=1410162126&sr=1-1&keywords=9780872638679 | ||
| 650 | 0 |
_aMachine-tools _xME |
|
| 650 | 0 |
_aMetal-cutting tools _xDesign and construction. |
|
| 650 | 0 |
_aGages _xDesign and construction. |
|
| 700 | 1 | _aNee, John G. | |
| 700 | 1 | _aDufraine, William. | |
| 700 | 1 | _aEvans, John W. | |
| 700 | 1 | _aHill, Mark. | |
| 710 | 2 | _aSociety of Manufacturing Engineers. | |
| 906 |
_a7 _bcbc _corigcop _d2 _eepcn _f20 _gy-gencatlg |
||
| 942 |
_2ddc _cBK |
||
| 999 |
_c60534 _d60534 |
||